Space research XIV (Record no. 4761)

MARC details
000 -LEADER
fixed length control field 00878nam a2200205Ia 4500
003 - CONTROL NUMBER IDENTIFIER
control field IN-BaIIA
008 - FIXED-LENGTH DATA ELEMENTS--GENERAL INFORMATION
fixed length control field 211028s9999 xx 000 0 eng d
040 ## - CATALOGING SOURCE
Transcribing agency IIA Library
080 ## - UNIVERSAL DECIMAL CLASSIFICATION NUMBER
Universal Decimal Classification number 629.19(047.1)
Item number COS-XIV
111 ## - MAIN ENTRY--MEETING NAME
Meeting name or jurisdiction name as entry element Open Meetings of Workshop Groups of the Sixteenth Plenary Meeting of COSPAR
Number of part/section/meeting 16th
Location of meeting Constance, Germany
Date of meeting or treaty signing 1973
9 (RLIN) 8460
245 #0 - TITLE STATEMENT
Title Space research XIV
Remainder of title proceedings of open meetings of workshop groups of the sixteenth plenary meeting of COSPAR, Constance, Germany, May 23-June 5, 1973
Statement of responsibility, etc. edited by M. J. Rycroft; edited by R. O. Reasenberg
260 ## - PUBLICATION, DISTRIBUTION, ETC.
Place of publication, distribution, etc. Berlin
Name of publisher, distributor, etc. Akademie-Verlag
Date of publication, distribution, etc. 1974
300 ## - PHYSICAL DESCRIPTION
Extent xvii, 800p.
650 ## - SUBJECT ADDED ENTRY--TOPICAL TERM
Topical term or geographic name entry element  Space Sciences
9 (RLIN) 8461
650 ## - SUBJECT ADDED ENTRY--TOPICAL TERM
Topical term or geographic name entry element Astronomy and Astrophysics Thesaurus 
9 (RLIN) 1143
700 ## - ADDED ENTRY--PERSONAL NAME
Personal name Reasenberg, R. O., ed.
9 (RLIN) 8462
700 ## - ADDED ENTRY--PERSONAL NAME
Personal name Rycroft, M. J., ed.
710 ## - ADDED ENTRY--CORPORATE NAME
Corporate name or jurisdiction name as entry element Committee on Space Research (France)
9 (RLIN) 8463
942 ## - ADDED ENTRY ELEMENTS (KOHA)
Koha item type Books
Holdings
Withdrawn status Lost status Damaged status Not for loan Home library Current library Shelving location Date acquired Total Checkouts Full call number Barcode Date last seen Price effective from Koha item type Purchase Price
        IIA Library-Bangalore IIA Library-Kodaikanal General Stacks 16/09/1975   629.19(047.1)/ COS-XIV 5326 05/11/2021 16/09/1975 Books DFL 175.00

Powered by Koha